000 00375nam a2200157Ia 4500
005 20250425064245.0
008 240331s9999 xx 000 0 und d
020 _a9552103878
082 _bABA
_a891
100 _aAbayasinghe,P.M.P
245 0 _aRamayanaya
260 _aColombo
_bM. D. Gunasena
_c1992
300 _a215 p .,
500 _aStory About Ramayanam
942 _cL
999 _c4815
_d4815